• 首页
  • 本馆介绍
  • 公告通知
  • 最新文献
  • 馆藏检索
  • 电子资源
  • 读者导购
  • 参考咨询
  • 我的图书馆
  • 登录
  • 详细信息显示
  • 放入我的书架
  • 预约/预借图书
  • 作者相关作品
  • 分类相关作品
  • 丛书相关作品
  • 出版社相关作品

书目信息

  • 表格格式
  • 工作单格式
  • 卡片格式
题名:
金融风险管理学
    
 
作者: 朱忠明 , 张淑艳 主编
分册:  
出版信息: 北京   中国人民大学出版社  2004
页数: 353页
开本: 23cm
丛书名:
单 册:
中图分类: F83 , F830.2
科图分类:
主题词: 金融--风险管理--研究生--教材 , 风险管理 , 金融
电子资源:
ISBN: 7-300-03987-1
000 01188nam0 2200313 450
000 01183nam0 2200301 450
000 01117nam0 2200277 450
000 01081nam0 2200265 45
005 20070725110944.98
010    @a7-300-03987-1@dCNY36.00
100    @a20070711d2006 em y0chiy0120 ea
101 0  @achi
102    @aCN@b110000
105    @ay z 000yy
200 1  @a金融风险管理学@AJin Rong Feng Xian Guan Li Xue@f朱忠明,张淑艳主编@FZhu Zhong Ming, Zhang Shu Yan Zhu Bian
210    @a北京@c中国人民大学出版社@d2004
215    @a353页@d23cm
300    @a国家“211工程”研究生重点教材对外经济贸易大学研究生教学研究项目支持
330    @a本书分11章,内容包括:金融风险管理概述、利率风险的管理、衍生金融工具及其风险管理、证券投资组合风险管理、信用风险管理等。研究了如何对风险进行识别、评估,如何加强防范措施,降低金融风险发生的概率等。
510 1  @aFinance Risk Management@zeng
606 0  @a金融@x风险管理@x研究生@j教材
606 0  @a风险管理
606 0  @a金融
690    @aF83@v4
690    @aF830.2@v3
701  0 @a朱忠明@AZhu Zhong Ming@f(1943~)@4主编
701  0 @a张淑艳@AZhang Shu Yan@4主编
801  0 @aCN@bTAOJIN@c20070725
905    @a10447@dF830.2@e104
    
    金融风险管理学/朱忠明,张淑艳主编.-北京:中国人民大学出版社,2004
    353页;23cm
    国家“211工程”研究生重点教材对外经济贸易大学研究生教学研究项目支持
    
    ISBN 7-300-03987-1:CNY36.00
    本书分11章,内容包括:金融风险管理概述、利率风险的管理、衍生金融工具及其风险管理、证券投资组合风险管理、信用风险管理等。研究了如何对风险进行识别、评估,如何加强防范措施,降低金融风险发生的概率等。
●
相关链接 在E读中查询图书 在五车中查询图书 在当当中查询图书 在豆瓣中查询图书


正题名:金融风险管理学     索取号:F830.2/104         预约/预借

序号 登录号 条形码 馆藏地/架位号 状态 备注
1 0824923   208249233   第一样本阅览室/ [索取号:F830.2/104] 在馆    
2 0824924   208249242   第一借阅区/ [索取号:F830.2/104] 在馆    
3 0824925   208249251   第一借阅区/ [索取号:F830.2/104] 在馆    
4 0824926   208249260   第一借阅区/ [索取号:F830.2/104] 在馆    
5 0824927   208249279   第一借阅区/ [索取号:F830.2/104] 在馆    
6 0824928   208249288   第一借阅区/ [索取号:F830.2/104] 在馆    
7 0824929   208249297   第一借阅区/ [索取号:F830.2/104] 在馆    
8 0824930   208249304   第一借阅区/ [索取号:F830.2/104] 在馆    
唐山师范学院图书馆 欢迎您!
大连网信软件有限公司© 版权所有